LEADER 00986cam0-2200277 --450 001 9910359959903321 005 20200109112833.0 010 $a2110857048 100 $a20200109d1992----km y0itay50 ba 101 0 $afre 102 $aFR 105 $a 001yy 200 1 $aSécurité des routes et des rues$f[Centre d'etudes des transports urbains, Service d'etudes techniques des routes et autoroutes] 210 $aBagneux$cCentre d'etudes des transport urbains - Service d'etudes techniques des routes et autoroutes$d1992 215 $a436 p.$cill.$d25 cm 610 0 $aCircolazione stradale$aSicurezza 676 $a363.125$v21 712 02$aCentre d'études des transports urbains 712 01$aFrancia.$bService d' études techniques des routes et autoroutes 801 0$aIT$bUNINA$gREICAT$2UNIMARC 901 $aBK 912 $a9910359959903321 952 $aF3/36$b1808$fDINTR 959 $aDINTR 996 $aSécurité des routes et des rues$91569936 997 $aUNINA LEADER 02099oas 2200853 a 450 001 9910145155103321 005 20251105213014.0 011 $a1938-0712 035 $a(DE-599)2193618-3 035 $a(OCoLC)226239521 035 $a(CONSER) 2008215452 035 $a(CKB)1000000000275919 035 $a(EXLCZ)991000000000275919 100 $a20080424b20052009 uy a 101 0 $aeng 135 $aur||||||||||| 181 $ctxt$2rdacontent 182 $cc$2rdamedia 183 $acr$2rdacarrier 200 00$aClinical lymphoma & myeloma 210 $a[Dallas, TX] $c[CIG Media Group]$d[2005-2009] 300 $aRefereed/Peer-reviewed 311 08$a1557-9190 517 1 $aClinical lymphoma and myeloma 606 $aLymphomas$vPeriodicals 606 $aMultiple myeloma$vPeriodicals 606 $aLymphoma 606 $aMultiple Myeloma 606 $aLymphome$vPe?riodiques 606 $aMye?lome multiple$vPe?riodiques 606 $aLymphomas$2fast$3(OCoLC)fst01004321 606 $aMultiple myeloma$2fast$3(OCoLC)fst01028990 608 $aPeriodical. 608 $aPeriodicals.$2fast 608 $aPeriodicals.$2lcgft 615 0$aLymphomas 615 0$aMultiple myeloma 615 2$aLymphoma. 615 2$aMultiple Myeloma. 615 6$aLymphome 615 6$aMye?lome multiple 615 7$aLymphomas. 615 7$aMultiple myeloma. 676 $a616 712 02$aCancer Information Group 801 0$bNSD 801 1$bNSD 801 2$bNSD 801 2$bOCLCS 801 2$bOCLCQ 801 2$bDLC 801 2$bEUE 801 2$bTXA 801 2$bOCLCQ 801 2$bTEF 801 2$bDLC 801 2$bOCLCF 801 2$bOCLCQ 801 2$bBUF 801 2$bAU@ 801 2$bOCLCO 801 2$bWYU 801 2$bW2U 801 2$bU3W 801 2$bOCLCQ 801 2$bOCLCO 801 2$bOCLCL 801 2$bLVT 801 2$bOCLCL 801 2$bOCLCQ 906 $aJOURNAL 912 $a9910145155103321 996 $aClinical lymphoma & myeloma$91894937 997 $aUNINA